000 01197nam a22002777a 4500
001 4748
003 FISKH
005 20240927115849.0
008 240927b cb ||||| |||| 00| 0 eng d
020 _a9780007158836
040 _aFISKH
_beng
_cFISKH
_dFISKH
082 _a813.5
100 _aKatschke, Judy
_eauthor
245 _aThe facts about flirting /
_cby Judy Katschke
250 _aFirst published in 2003
260 _aNew York :
_bHarperCollinEntertainment ;
_c2003 .
300 _a88 pages :
_billustrations ;
_c21 cm .
490 _a Two of a Kind
505 _aP
520 _aMeet Mary-Kate and Ashley, the Tween Queen Twins! Your new best friends have just arrived... Mary-Kate has a huge crush on a boy named Jordan. But she's too shy to tell him how she feels. So Ashley starts writing love letters for Mary-Kate and sends them to Jordan. She's thrilled when Jordan writes back to Mary-Kate. His letters are so sweet and funny and romantic... uh, oh! Ashley can't help it, but she's falling for Jordan, too - big time!
521 8 _a650
_bLexile estimate
521 8 _aP
_bRaz-Plus
650 _achildren
_vfiction
942 _2ddc
_cBK
_n0
999 _c4748
_d4748